000 00285nam a22001337a 4500
003 OSt
008 250106b |||||||| |||| 00| 0 eng d
041 _aeng
082 _a580
100 _aGopinathan Nair
_96788
245 _aPre Degree Botany
260 _aCalicut:
_bTBS
942 _cBK
999 _c18948
_d18948